| 000 | 00587nam a22001937a 4500 | ||
|---|---|---|---|
| 003 | OSt | ||
| 005 | 20260115024539.0 | ||
| 008 | 260115b |||||||| |||| 00| 0 eng d | ||
| 020 | _a1-58279-341-7. | ||
| 040 |
_aDWCL-Main lib _cOC |
||
| 082 |
_22nd edition _aCirc. 641.5 Q6 2003 |
||
| 245 | _aQuick and easy low cholesterol recipes 2nd ed. | ||
| 260 |
_aUSA : _bTrident Reference Publishing, _cc2003. |
||
| 300 |
_a80 pages : _bcolored illustration : _c28 cm. |
||
| 504 | _aIncludes index. | ||
| 650 | _21. Cooking. | ||
| 650 | _22. Nutrition. | ||
| 942 |
_2ddc _cBK-CIRC _e2nd ed. _kCirc. _n0 |
||
| 999 |
_c7403 _d7403 |
||